Essential skills handbook for nurses and midwives / (Record no. 467)

MARC details
000 -LEADER
fixed length control field 00626nam a22002057a 4500
003 - CONTROL NUMBER IDENTIFIER
control field OSt
005 - DATE AND TIME OF LATEST TRANSACTION
control field 20210219160112.0
008 - FIXED-LENGTH DATA ELEMENTS--GENERAL INFORMATION
fixed length control field 210219b ||||| |||| 00| 0 eng d
020 ## - INTERNATIONAL STANDARD BOOK NUMBER
International Standard Book Number 9780723434740
040 ## - CATALOGING SOURCE
Original cataloging agency PHNSL
Transcribing agency PHNSL
245 ## - TITLE STATEMENT
Title Essential skills handbook for nurses and midwives /
Statement of responsibility, etc. Maggie, Nicol ...[et al].
250 ## - EDITION STATEMENT
Edition statement 3rd ed.
260 ## - PUBLICATION, DISTRIBUTION, ETC.
Place of publication, distribution, etc. Edingburgh :
Name of publisher, distributor, etc. Mosby,
Date of publication, distribution, etc. 2008.
300 ## - PHYSICAL DESCRIPTION
Extent viii, 361 p. :
Other physical details ill.
490 ## - SERIES STATEMENT
Series statement Essential skills for nurses series
500 ## - GENERAL NOTE
General note Previous edition: 2004.
650 ## - SUBJECT ADDED ENTRY--TOPICAL TERM
Topical term or geographic name entry element Nursing
Form subdivision Midwifery handbook
General subdivision Handbooks, manuals, etc.
700 ## - ADDED ENTRY--PERSONAL NAME
Personal name Nicol, Maggie
942 ## - ADDED ENTRY ELEMENTS (KOHA)
Source of classification or shelving scheme Library of Congress Classification
Koha item type Books
Holdings
Withdrawn status Lost status Source of classification or shelving scheme Damaged status Not for loan Home library Current library Shelving location Date acquired Total Checkouts Full call number Barcode Date last seen Copy number Price effective from Koha item type Public note
    Library of Congress Classification     Public Health Nurses School Public Health Nurses School General Stacks 02/19/2021   RT41.Es7 00756 02/19/2021 c.1 02/19/2021 Books kd 19/02/21
    Library of Congress Classification     Public Health Nurses School Public Health Nurses School General Stacks 02/19/2021   RT41.Es7 00757 02/19/2021 c.2 02/19/2021 Books kd 19/02/21
Copyright © 2025 PHNS Library. All Rights Reserved.